000 00461nam a2200181Ia 4500
008 240925s9999 xx 000 0 und d
020 _a471599980
082 _a620 WRI
100 _aWright, Paul H.
245 0 _aIntroduction to Engineering
250 _a2nd
260 _aNew York:
_bJohn Wiley & Sons
_c,1994.
300 _axix,334p.
_bNA
_fOriginal
500 _aIncludes Index
600 _aElectronic Engineering
650 _aTechnology
942 _cBK
999 _c2718
_d2718